Southville International School and Colleges

Raison et sensibilité (tome troisième) : (Record no. 264418)

000 -LEADER
fixed length control field 00670cam a22002173a 4500
001 - CONTROL NUMBER
control field 35163
003 - CONTROL NUMBER IDENTIFIER
control field PGUSA
005 - DATE AND TIME OF LATEST TRANSACTION
control field 20140828083746.0
008 - FIXED-LENGTH DATA ELEMENTS--GENERAL INFORMATION
fixed length control field 110204s2011||||xxu|||||s|||||000 | eng d
040 ## - CATALOGING SOURCE
Original cataloging agency PGUSA
Language of cataloging eng
042 ## - AUTHENTICATION CODE
Authentication code dc
100 1# - MAIN ENTRY--PERSONAL NAME
Personal name Austen, Jane,
Dates associated with a name 1775-1817
245 10 - TITLE STATEMENT
Title Raison et sensibilité (tome troisième) :
Remainder of title ou les deux manières d'aimer
Medium [electronic resource] /
Statement of responsibility, etc Jane Austen
260 ## - PUBLICATION, DISTRIBUTION, ETC. (IMPRINT)
Name of publisher, distributor, etc Project Gutenberg,
Date of publication, distribution, etc 2011
506 ## - RESTRICTIONS ON ACCESS NOTE
Terms governing access Public domain in the USA.
516 ## - TYPE OF COMPUTER FILE OR DATA NOTE
Type of computer file or data note Electronic text
700 1# - ADDED ENTRY--PERSONAL NAME
Personal name Montolieu, Isabelle de,
Dates associated with a name 1751-1832
830 #0 - SERIES ADDED ENTRY--UNIFORM TITLE
Uniform title Project Gutenberg
Volume number/sequential designation 35163
856 40 - ELECTRONIC LOCATION AND ACCESS
Uniform Resource Identifier http://www.gutenberg.org/ebooks/35163
942 ## - ADDED ENTRY ELEMENTS (KOHA)
Koha item type eBooks
Holdings
Date acquired Current Location Koha item type Price effective from Permanent Location Lost status Withdrawn status Damaged status Date last seen
2014-08-28Project GutenbergeBooks2014-08-28Project Gutenberg   2014-08-28
Powered by Koha